Online
Catalog

Teresa de Calcuta / (Record no. 18965)

MARC details
000 -CABECERA
campo de control de longitud fija 01062nam a2200289 a 4500
001 - NÚMERO DE CONTROL
campo de control 000019449
005 - FECHA Y HORA DE LA ÚLTIMA TRANSACCIÓN
campo de control 20200929170024.0
008 - DATOS DE LONGITUD FIJA--INFORMACIÓN GENERAL
campo de control de longitud fija 100629s2005 es c 000 0 spa d
020 ## - NÚMERO INTERNACIONAL ESTÁNDAR DEL LIBRO
Número Internacional Estándar del Libro 8497647548
040 ## - FUENTE DE LA CATALOGACIÓN
Centro catalogador/agencia de origen DO-SdBNP
Lengua de catalogación spa
Centro/agencia transcriptor BNPHU
082 ## - NÚMERO DE LA CLASIFICACIÓN DECIMAL DEWEY
Número de clasificación 271.97
Número de documento/Ítem T316F
049 ## - FONDOS LOCALES (OCLC)
Fondos de biblioteca BNGR
100 1# - ENTRADA PRINCIPAL--NOMBRE DE PERSONA
Nombre de persona Floriano Novoa, José
9 (RLIN) 41754
245 10 - MENCIÓN DE TÍTULO
Título Teresa de Calcuta /
Mención de responsabilidad, etc. José Floriano Novoa ; coordinador general Felipe Sen ; coordinador de colección Mar de Ventura Fernández.
260 ## - PUBLICACIÓN, DISTRIBUCIÓN, ETC.
Lugar de publicación, distribución, etc. Madrid, España :
Nombre del editor, distribuidor, etc. PERYMAT,
Fecha de publicación, distribución, etc. 2005.
300 ## - DESCRIPCIÓN FÍSICA
Extensión 191 p. :
Otras características físicas retrs. ;
Dimensiones 22 cm.
490 1# - MENCIÓN DE SERIE
Mención de serie Mujeres en la historia
504 ## - NOTA DE BIBLIOGRAFÍA, ETC.
Nota de bibliografía, etc. Bibliografía : p. 191
600 14 - PUNTO DE ACCESO ADICIONAL DE MATERIA--NOMBRE DE PERSONA
Nombre de persona TERESA,
Títulos y otros términos asociados al nombre MADRE,
Fechas asociadas al nombre 1910- 1997
9 (RLIN) 41755
610 20 - PUNTO DE ACCESO ADICIONAL DE MATERIA--NOMBRE DE ENTIDAD CORPORATIVA
Nombre de entidad corporativa o nombre de jurisdicción como elemento de entrada MISIONERES DE LA CARIDAD
Subdivisión general HISTORIA
9 (RLIN) 41756
650 #4 - PUNTO DE ACCESO ADICIONAL DE MATERIA--TÉRMINO DE MATERIA
Término de materia o nombre geográfico como elemento de entrada Misioneras
Subdivisión geográfica India, Calcuta
Subdivisión general Biografias
9 (RLIN) 41757
651 #4 - PUNTO DE ACCESO ADICIONAL DE MATERIA--NOMBRE GEOGRÁFICO
Nombre geográfico Calcuta (India{Rpara}
Subdivisión general Biografia
9 (RLIN) 41758
700 12 - PUNTO DE ACCESO ADICIONAL--NOMBRE DE PERSONA
Nombre de persona Sen, Felipe,
Término indicativo de función/relación coord.
9 (RLIN) 41707
700 12 - PUNTO DE ACCESO ADICIONAL--NOMBRE DE PERSONA
Nombre de persona Ventura Fernández, Mar de,
Término indicativo de función/relación coord.
9 (RLIN) 41759
830 #0 - PUNTO DE ACCESO ADICIONAL DE SERIE-TÍTULO UNIFORME
Título uniforme Mujeres en la historia
9 (RLIN) 41760
910 ## - DATOS DE OPCIÓN DEL USUARIO (OCLC)
Datos de opción del usuario Validado. Control de calidad MFF
Holdings
Estado de retiro Estado de pérdida Restricciones de uso No para préstamo Código de colección Localización permanente Ubicación/localización actual Ubicación en estantería Fecha de adquisición Número de inventario Total de préstamos Signatura topográfica completa Código de barras Fecha visto por última vez Precio válido a partir de Tipo de ítem Koha
        Monografías: Libros y Folletos General General Depósito 29.06.2010 LF1   271.97 T316F 19449-10 25.06.2020 25.06.2020 Préstamo en sala

Powered by Koha